MARC

Tag First Indicator Second Indicator Subfields
LEADER 00000cam a2200000 a 4500
001 in00000098550
005 20240515174204.0
008 820722s1980 caua b 000 0 eng
010 |a  79048085  
016 7 |a 8211691  |2 DNLM 
019 |a 7236961  |a 8182148 
020 |a 9780803914544 
020 |a 0803914547 
029 0 |a NLM  |b 8211691 
029 1 |a AU@  |b 000003130890 
029 1 |a AU@  |b 000023023374 
029 1 |a CHBIS  |b 002857648 
029 1 |a CHVBK  |b 147663849 
029 1 |a DEBBG  |b BV008680383 
035 |a (OCoLC)ocm08647050  
035 |a (OCoLC)8647050  |z (OCoLC)7236961  |z (OCoLC)8182148 
035 |a (OCoLC)ocm08647050  
040 |a NLM  |b eng  |c NLM  |d KKR  |d USU  |d GZU  |d MUQ  |d CGC  |d WPG  |d NED  |d DEBBG  |d OCLCF  |d OCLCQ  |d OCLCO  |d OCLCQ  |d NLM  |d OCLCO  |d OCLCA  |d OCLCO  |d OCL  |d OCLCO  |d OCLCL 
050 4 |a HV5732  |b .E9 1980 
060 0 0 |a WM 176  |b E97c 1980 
082 0 4 |a 616.865 
084 |a CW 6940  |2 rvk 
100 1 |a Eysenck, H. J.  |q (Hans Jurgen),  |d 1916-1997.  |1 https://id.oclc.org/worldcat/entity/E39PBJx8F9CqkXTYMcFDMggR8C 
245 1 4 |a The causes and effects of smoking /  |c H.J. Eysenck ; with contributions by L.J. Eaves. 
260 |a Beverly Hills, Calif. :  |b Sage Publications,  |c ©1980. 
300 |a 397 pages :  |b illustrations 
336 |a text  |b txt  |2 rdacontent 
337 |a unmediated  |b n  |2 rdamedia 
338 |a volume  |b nc  |2 rdacarrier 
504 |a Includes bibliographical references (pages 358-383). 
505 0 |a Part 1. Smoking, health and personality -- part 2. The genetics of smoking. 
650 0 |a Smoking. 
650 0 |a Tobacco  |x Physiological effect. 
650 0 |a Behavior genetics. 
650 2 |a Genetics, Behavioral 
650 2 |a Smoking 
650 2 |a Tobacco Use Disorder  |x genetics 
650 6 |a Tabac  |x Effets physiologiques. 
650 6 |a Tabagisme. 
650 6 |a Génétique du comportement. 
650 7 |a Behavior genetics  |2 fast 
650 7 |a Smoking  |2 fast 
650 7 |a Tobacco  |x Physiological effect  |2 fast 
700 1 |a Eaves, L. J. 
758 |i has work:  |a The causes and effects of smoking (Text)  |1 https://id.oclc.org/worldcat/entity/E39PCGRqvyw34gqYHwjgbjGpGd  |4 https://id.oclc.org/worldcat/ontology/hasWork 
776 0 8 |i Online version:  |a Eysenck, H.J. (Hans Jurgen), 1916-1997.  |t Causes and effects of smoking.  |d Beverly Hills, Calif. : Sage Publications, ©1980  |w (OCoLC)902953713 
948 |h HELD BY TXA - 222 OTHER HOLDINGS 
994 |a Z0  |b TXA 
999 f f |s e1cc44b5-3dc7-31b5-a581-653cf0ca9428  |i 473ef512-3b4b-3030-9402-fd9929effaee  |t 0 
952 f f |p ric  |a Texas A&M University  |b Rellis Campus  |c Joint Library Facility  |s JLF  |d Remote Storage  |t 0  |e BF789 S6 E9  |h Library of Congress classification  |i unmediated -- volume  |m A14806027219